| 000 | 00375nam a2200157Ia 4500 | ||
|---|---|---|---|
| 003 | Ost | ||
| 005 | 20260225132537.0 | ||
| 008 | 260225s9999||||xx |||||||||||||| ||und|| | ||
| 040 | _cfsic | ||
| 041 | _afre | ||
| 082 | _a659.1 | ||
| 100 |
_aA kempe.j.mutard _eAuteur |
||
| 245 | 0 | _aCommunication d'entreprise et publiçité / | |
| 245 | 2 | _cA kempe.j.mutard | |
| 942 | _cكتاب | ||
| 999 |
_c33292 _d33292 |
||